000 01120cab a2200301 4500
001 ABS51264
008 090401t1994 xxu||||| |||| 00| 0 eng d
035 _a(Sirsi) u18219
041 _aeng
245 _aResidential
260 _c1994
350 _a0
490 _aProperty Week
_v48 (6/7) 11/18 August 1994, 26-42(9)
520 _aA feature on the housing market, which looks at the varying fortunes of the different market sectors, the influence of buyers from the Far east on London, new codes of practice relating to the management of flats, a shortage of residential surveyors and the conversion of commercial property to residential use.
650 _aASSOCIATION OF RESIDENTIAL LETTING AGENTS
650 _aCONVERSION
650 _aHOUSE PRICES
650 _aLEASEHOLD REFORM
650 _aOFF-PLAN
650 _aOFFICES
650 _aRESIDENTIAL MANAGEMENT CODE
650 _aRESIDENTIAL SURVEYORS
650 _aRESIDENTIAL USE
650 _aCAREERS, EDUCATION AND TRAINING
690 _aPROPERTY-RESIDENTIAL PROPERTY-RESIDENTIAL PROPERTY MARKET
942 _n0
948 _c04/03/1997
999 _c12089
_d12089